00491nam a2200181 a 450000100060000000300080000600500170001400800410003103500190007204000360009104100080012708200240013524500430015926000370020230000290023965100230026870000180029164452BD-RjUL20211209081318.0170215s1964 enkb b 001 0 eng  a(BD-RjUL)64582 aDLCcODaWUdOCoLCdBD-RjULbeng aeng a959.5223bMAL 196410aMalaysia :ba survey /cGungwu, Wang,  aNew York :bF.A. Praeger,cc1964 a466 p. :bill. ;c26 cm. 0aMalaysiaxHistory. aWang, Gungwu,